000
00277nam a2200121Ia 4500
008
190723s9999 xx 000 0 und d
020
_a
978-81-265-4614-5
100
_a
John W Foreman
245
0
_a
Data Smart
260
_a
Indiana
_b
Wiley
_c
2014
300
_a
409.:p
942
_c
BK
999
_c
1600
_d
1600